000 00668nam a2200289Ia 4500
005 20260324145325.0
008 008 260324s9999 xx 000 0 eng d
020 _a9781315010991
037 _aEBOOK
040 _aCRL
040 _beng
040 _cCRL
041 _2eng
041 _aeng
084 _qCRL
100 _aFrances A. Yates
_91222027
245 0 _aRenaissance and Reform
245 4 _bThe Italian Contribution
260 _bTaylor and Francis
260 _c1983
365 _a
365 _b350
856 _uhttp://www.taylorfrancis.com/books/9781315010991
942 _cEBOOK
999 _c1830298
_d1830298